Normal view
MARC view
Entry Personal Name
001 - CONTROL NUMBER
- control field: 29655
003 - CONTROL NUMBER IDENTIFIER
- control field: OSt
005 - DATE AND TIME OF LATEST TRANSACTION
- control field: 20220209120059.0
008 - FIXED-LENGTH DATA ELEMENTS
- fixed length control field: 220209|| aca||aabn | a|a d
040 ## - CATALOGING SOURCE
- Original cataloging agency: OSt
- Transcribing agency: OSt
100 ## - HEADING--PERSONAL NAME
- Personal name: Bhat, Sumit G.M. and Bhat, Mudaser Ahad
670 ## - SOURCE DATA FOUND
- Source citation: Work cat.: (OSt)518597: Bhat, Sumit G.M. and Bhat, Mudaser Ahad , Financial inclusion and economic wellbeing of agricultural labourers in rural Haryana, India
